00640nam a2200181 a 450000100100000000500170001000800410002702000150006804000250008308200190010810000230012724500930015025000120024326000480025530000210030395201170032499900170044100004341620201002040908.0140314s1983 ag 000 0 spa d a9509561042 aDO-SdBNPbspacBNPHU axxxxxxbxxxxxx1 aKon, Daniel97107914aLos Chicos de la Guerra :bhablan los soldados que estuvieron en Malvinas /cDaniel Kon. a11a ed. aBuenos Aires, Argentina, :bGalerna,c1983. a222 p. ;c20 cm. 001050718MOaGRbGRcHDd2014-03-14iLF1l0oxxxxxx xxxxxxp43416-10r2020-06-25w2020-06-25y1ZNo se presta c42905d42905